Olivia Rodrigo - Associer les chansons à l'album #2 - Statistiques

Statistiques générales
  • Ce quiz a été pris 92 fois
  • Le résultat moyen est 8 sur 9
Statistiques - réponses
Hint Réponse % Correct
all-american bitch
Guts
96%
obsessed Guts
96%
traitor Sour
96%
get him back! Guts
95%
deja vu Sour
95%
lacy Guts
92%
enough for you Sour
92%
stranger Guts
89%
teenage dream Guts
86%
Aucun quiz correspondant
Distribution des résultats
% des personnes avec chaque résultat
Percentile par nombre de réponses
Votre historique - résultats
Vous n’avez pas pris ce quiz